Normal view
MARC view
- RABEEA ASSAINAR K K
Entry Personal Name
001 - CONTROL NUMBER
- control field: 5513
003 - CONTROL NUMBER IDENTIFIER
- control field: OSt
005 - DATE AND TIME OF LATEST TRANSACTION
- control field: 20230803103333.0
008 - FIXED-LENGTH DATA ELEMENTS
- fixed length control field: 230803|| aca||aabn | a|a d
040 ## - CATALOGING SOURCE
- Original cataloging agency: OSt
- Transcribing agency: OSt
100 ## - HEADING--PERSONAL NAME
- Personal name: RABEEA ASSAINAR K K
670 ## - SOURCE DATA FOUND
- Source citation: Work cat.: (OSt)17731: RABEEA ASSAINAR K K, SPATIO-TEMPORAL GROUNDWATER DROUGHT ASSESSMENT BASED ON ANN MODEL AND GIS FOR A SUB-BASIN OF BHARATHAPUZHA , 2023
